Llwytho...

Karmanash (kavita sangrah)/

Manylion Llyfryddiaeth
Prif Awdur: Siddheshwar Singh
Fformat: Printed Book
Cyhoeddwyd: Ghaziabad: Antika Prakashan, 2012.
Pynciau:
LEADER 00569nam a22001697a 4500
020 |a 9789380044934 
082 |a H1  |b SID/K 
100 |a Siddheshwar Singh  |9 45790 
245 |a Karmanash (kavita sangrah)/  |c by Siddheshwar Singh 
260 |a Ghaziabad:  |b Antika Prakashan,  |c 2012. 
300 |a 128p. 
650 |a Poetry Hindi  |9 45791 
650 |a Literature Hindi  |9 45792 
650 |a Literature  |9 45793 
942 |c BK 
999 |c 71388  |d 71388 
952 |0 0  |1 0  |4 0  |6 H_1_000000000000000_SID_K  |7 0  |9 91995  |a SSUS  |b SSUS  |c STACKS  |d 2018-05-16  |g 225.00  |o H1 SID/K  |p 089325  |r 2018-05-16  |w 2018-05-16  |y BK